Public Opinion Quarterly

Bibliografiske detaljer
Format: Electronisk Tidsskrift
Sprog:English
Udgivet: American Association for Public Opinion Research
Fag:
Online adgang:Full text available on Oxford Academic
Off-campus access
LEADER 00960cas a2200217 a 4500
001 AALejournalOSO000375
008 230101c9999 xx r poo 0 0eng d
022 |a 0033-362X 
022 |a 1537-5331 
040 |a BD-DhAAL  |c BD-DhAAL 
245 0 0 |h [electronic resource]  |a Public Opinion Quarterly 
260 |b American Association for Public Opinion Research 
300 |a 1 online resource 
362 0 |a Vol. 60, no. 2 
500 |a <strong>Off-Campus Access:</strong> Athens ID and Password Required 
500 |a <strong>On-Campus Access:</strong> No User ID or Password Required 
506 |a Electronic access restricted to authorized BRAC University faculty, staff and students 
538 |a Mode of access: Internet 
650 4 |a Social Sciences 
856 4 0 |z Full text available on Oxford Academic  |u https://academic.oup.com/poq/issue 
856 4 0 |z Off-campus access  |u https://go.openathens.net/redirector/bracu.ac.bd?url=https%3A%2F%2Facademic.oup.com%2Fpoq%2Fissue